000 00433nam a22001577a 4500
003 SGT
020 _a9788180386084
082 _a336.60
_bVAY
100 _aVAYTTADEN , SHISHIR
245 _aSEBI TAKEOVER REGULATION
_bBEING A COMMENTARY ON THE SEBI (SUBSTANTIAL ACQUISITION OF SHARES & TAKEOVER) REGULATION 1997
250 _a1
260 _aGURGAON
_bLEXIS NEXIS
_c2010
300 _a1128
653 _aSEBI ,
942 _2ddc
_cBK
999 _c27840
_d27840